Advocatus romanus, in resignatione beneficiorum tam intra, quam extra curiam versatissimus, libri XIV. Praxim beneficiariam complectens ferme universam: constitionibus apostolicis, Rotae Romanae Decissionibus, SS. Congregationum Declarationibus, Decretis & Responsis, Summorumque Pontificum Gratiis, Datariae & Cancellariae Apostolicae Supplicationum atque Bullarum formulis copiosè instructus: Receptis Classicorum Auctorum Doctrinis peritissimorum etiam Virorum Observationibus et Responsis validè munitus: Formulis Denique Beneficialibus tan in Resignationibus Beneficiorum, quàm annuarum pensionum & fructuum Reservatione exactissimè non minùs, quàm utilissimè comprobatus / Flaminii Parisii J.C. Consentini, et in almo urbis gymnasio juris pontificii interpretis primarii

Detalles Bibliográficos
Autor principal: Flaminius Parisius
Formato: Libro
Lenguaje:Undetermined
Latin
Publicado: Coloniae Agrippinae : sumptibus Sebastiani Ketteler, Joannis Schlebusch, 1683.
Edición:Nunc in Germania correctius quam antea, allegationibus à textu varietate distinctis in lucem editus, dupliciq Librorum et Quaestionum, Sententiarum ac Verborum indice fertilissimo illustratus
Materias:
Colección:Banco de datos
Acervo:Biblioteca Palafoxiana. Colección bibliográfica
Descripción Física:t. ; f°
Tema general:Derecho eclesiástico
Notas:Ex libris manuscrito: "Del Coll. de S. Ildeph de la Puebla lo dono DD Josephi Alvarez
LEADER 01561nam a2200181Ia 4500
008 150723s9999 xx 000 0 und d
041 0 |a lat 
050 0 |a PAFX BR115 .L28 F5 
100 1 |a Flaminius Parisius 
245 1 0 |a Advocatus romanus, in resignatione beneficiorum tam intra, quam extra curiam versatissimus, libri XIV. Praxim beneficiariam complectens ferme universam: constitionibus apostolicis, Rotae Romanae Decissionibus, SS. Congregationum Declarationibus, Decretis & Responsis, Summorumque Pontificum Gratiis, Datariae & Cancellariae Apostolicae Supplicationum atque Bullarum formulis copiosè instructus: Receptis Classicorum Auctorum Doctrinis peritissimorum etiam Virorum Observationibus et Responsis validè munitus: Formulis Denique Beneficialibus tan in Resignationibus Beneficiorum, quàm annuarum pensionum & fructuum Reservatione exactissimè non minùs, quàm utilissimè comprobatus / Flaminii Parisii J.C. Consentini, et in almo urbis gymnasio juris pontificii interpretis primarii 
250 |a Nunc in Germania correctius quam antea, allegationibus à textu varietate distinctis in lucem editus, dupliciq Librorum et Quaestionum, Sententiarum ac Verborum indice fertilissimo illustratus 
260 |a Coloniae Agrippinae : sumptibus Sebastiani Ketteler, Joannis Schlebusch, 1683. 
300 |a t. ; f° 
500 |a Ex libris manuscrito: "Del Coll. de S. Ildeph de la Puebla lo dono DD Josephi Alvarez 
650 1 0 |a Derecho eclesiástico 
942 |c PALALIB 
943 |g Biblioteca Palafoxiana. Colección bibliográfica 
999 |c 1049193  |d 1049193